| 000 | 00584nam a2200205 u 4500 | ||
|---|---|---|---|
| 005 | 20210223131805.0 | ||
| 008 | 120808s2007 r 000 0 eng d | ||
| 020 | _a970803018X (10 dígitos) | ||
| 020 | _a9789708030182 (13 dígitos) | ||
| 035 | _aUPN01000185933 | ||
| 049 | _aCG | ||
| 050 | 4 |
_aRM252 _bS2.6 |
|
| 100 | 1 |
_aScrivner, Jane _933018 |
|
| 245 | 1 | 3 |
_aEl poder saludable del agua / _cJane Scrivner ; tr. Martha Mauri. |
| 260 |
_aMéxico : _bSelector, _c2007. |
||
| 300 | _a277 p. | ||
| 440 | 0 | _aSalud | |
| 650 | 4 |
_aAGUA - _xASPECTOS DE LA SALUD _921513 |
|
| 905 | _aLibro | ||
| 999 |
_c158036 _d158036 |
||